MARC

LEADER 00000nam0a2200000 4500
001 29459
005 20231030203458.0
010 |a 5858031242 
035 |a (RuTPU)RU\TPU\book\29724 
035 |a BOOK00029799 
090 |a 29459 
100 |a 20011209d1999 k y0rusy50 ca 
101 0 |a rus 
102 |a RU 
105 |a f z 001zy 
200 1 |a Книга в России в XVI веке  |f М. В. Кукушкина  |g Библиотека РАН 
210 |a СПб.  |c Петербургское Востоковедение  |d 1999 
215 |a 208 с.  |c ил., цв. ил. 
225 1 |a Slavica Petropolitana, III 
320 |a Указатель имен: с. 182-190 
320 |a Указатель географических названий: с. 191-192 
320 |a Указатель рукописных и печатных произведений: с. 193-198 
320 |a Указатель шифров рукописей и старопечатных книг, упоминаемых в тексте: с. 199-101 
320 |a Список сокращений: с. 202. 
610 1 |a книги 
610 1 |a книговедение 
610 1 |a рукописные книги 
610 1 |a история 
610 1 |a Россия 
610 1 |a 16 век 
610 1 |a культура 
610 1 |a книгопечатание 
610 1 |a летописи 
610 1 |a хронографы 
610 1 |a кодексы 
610 1 |a Домострой 
610 1 |a Судебники 
610 1 |a типографии 
686 |a Ч611.63(2)  |v LBC/SL-A  |2 rubbk 
700 1 |a Кукушкина  |b М. В. 
712 0 2 |a Российская академия наук (РАН)  |b Библиотека (БАН)  |c (Санкт-Петербург)  |2 stltpush  |3 (RuTPU)RU\TPU\col\10488 
801 0 |a RU  |b 63413507  |c 20011209  |g PSBO 
801 2 |a RU  |b 63413507  |c 20091116  |g PSBO 
942 |c BK